La huelga bananera 1934

Zapisane w:
Opis bibliograficzny
1. autor: Ferreto, Arnoldo
Format: Texto
Wydane: s.l.: s.e.
Etykiety: Dodaj etykietę
Nie ma etykietki, Dołącz pierwszą etykiete!

MARC

LEADER 00000 a a2200000 04500
001 24247
003
040
090 |a 166100  
100 |a Ferreto, Arnoldo  
245 |a La huelga bananera 1934  
260 |a s.l.:   |b s.e.  
300 |a 20 p.   |b il.  
999 |c 11568  |d 11568